000 00983nam0a22002411 4500
001 rc\3544535
005 20130115144635.3
035 _a(NLR Aleph) 007634928
090 _a6063349
_c6063349
100 _a20130115d1973 |||y0rusy50 ca
101 0 _arus
102 _aRU
105 _ay z |||||
200 1 _aВопросы специализации и территориальной организации машиностроения
_e[Сборник статей]
_f[Ред. коллегия: к. э. н. М.В. Газалиев (отв. ред.)] [и др.]
_gСовет по изучению производит. сил при Госплане СССР
210 _aМосква
_cБ. и.
_d1973
215 _a193 с.
_d20
333 _aДля служебного пользования. Экз. № 000198
702 1 _aГазалиев
_bМ. В.
_4340
801 0 _aRU
_bNLR
_gpsbo
801 1 _aRU
_bELAR
_2rusmarc
852 _aNLR
_j73-50к/4146
942 _cBOOK
980 _aNB